000 00867nam a22002297a 4500
999 _c63335
_d63335
005 20240530110635.0
008 170924s2015 ua g b 000 0 ara d
017 _a2014/4473
_bمصر. دار الكتب
020 _a9789777186575
040 _aEG-CaGPL
_cEG-CaGPL
082 0 4 _221
_a809.93358\
_bهـ أ
245 0 0 _aادب الحرب الباردة :
_bكتابة الصراع الكونى /
_cتحرير اندرو هاموند ؛ ترجمة طلعت الشايب .
250 _aط.1
260 _aالقاهرة :
_c2015 .
300 _a521 ص ؛
_c24 سم .
650 0 7 _2qrmak
_aالحرب الباردة
_vمقالات .
650 0 7 _2qrmak
_aالحرب النفسية
_vمقالات
700 0 _aطلعت الشايب
_eمترجم .
700 1 _aهاموند ، اندرو .
942 _2ddc
_cBK